Influencia de la metodología empleada en el proceso de enseñanza - aprendizaje de la biología en la actitud generada en los alumnos / Mercedes Rosa E. Nuñez Regalado. Asesor: (Registro nro. 4377)
[ vista simple ]
| 000 -LEADER | |
|---|---|
| fixed length control field | 00569nam a22001691a 4500 |
| 001 - CONTROL NUMBER | |
| control field | 4377 |
| 003 - CONTROL NUMBER IDENTIFIER | |
| control field | OSt |
| 005 - DATE AND TIME OF LATEST TRANSACTION | |
| control field | 20260204211929.0 |
| 008 - FIXED-LENGTH DATA ELEMENTS--GENERAL INFORMATION | |
| fixed length control field | 050813s1986||||dr ||||||b||||||||||spa|| |
| 090 ## - LOCALLY ASSIGNED LC-TYPE CALL NUMBER (OCLC); LOCAL CALL NUMBER (RLIN) | |
| Classification number (OCLC) (R) ; Classification number, CALL (RLIN) (NR) | AGT-86-0989 |
| 100 ## - ASIENTO PRINCIPAL -- NOMBRE PERSONAL | |
| Personal name | Nuñez Regalado, Mercedes Rosa E. |
| 245 ## - TÍTULO PROPIAMENTE DICHO: SUBTÍTULO | |
| Title | Influencia de la metodología empleada en el proceso de enseñanza - aprendizaje de la biología en la actitud generada en los alumnos / Mercedes Rosa E. Nuñez Regalado. Asesor: |
| 264 ## - PRODUCTION, PUBLICATION, DISTRIBUTION, MANUFACTURE, AND COPYRIGHT NOTICE | |
| Place of production, publication, distribution, manufacture | Santo Domingo: El Autor |
| 502 ## - THESIS NOTE | |
| Dissertation note | Tesis (Agronomía) |
| 650 ## - ASIENTO SECUNDARIO DE MATERIA -- TERMINO TOPICO | |
| Asiento secundario de materia | AgronomíaÌ |
| 942 ## - ADDED ENTRY ELEMENTS (KOHA) | |
| Source of classification or shelving scheme | Dewey Decimal Classification |
| Koha item type | Tesis |
| Withdrawn status | Lost status | Source of classification or shelving scheme | Damaged status | Not for loan | Current library | Date acquired | Total Checkouts | Full call number | Barcode | Date last seen | Price effective from | Koha item type |
|---|---|---|---|---|---|---|---|---|---|---|---|---|
| Dewey Decimal Classification | Biblioteca UTECO | 09/09/2019 | AGT-86-0989 | AGT-86-0989 | 09/09/2019 | 09/09/2019 | Tesis |
